000 00532nam 22001813 4500
001 200835
090 _a200835
100 _a20240513d u||y0pory50 ba
200 _aO retrato
_fFiama Hasse Pais Brandão
210 _aLisboa
_c& etc
_d1979
215 _a28 p.
_cbrochado
_d16 cm
317 _a. - Oferta com dedicatória do escritor ao Prof. Dr. Almeida
606 _96
_aLiteratura Portuguesa
675 _a821.134.3-3
_vPT
_zpor
700 _95338
_aBrandão
_bFiama Hasse Pais
801 _aPT
_bBMMN
_gRPC
830 _cAna
_fAna
990 _cLIVROS